| 000 | 00646nam a2200205 a 4500 | ||
|---|---|---|---|
| 005 | 20241203063745.0 | ||
| 008 | 991125s1977 [mo 000 0 spa u | ||
| 035 | _aUPN01000015497 | ||
| 049 | _aCG | ||
| 050 | 4 |
_aLB2003.41 _bD5.3 |
|
| 245 | 0 | 0 | _aDidáctica general / |
| 260 |
_a[Morelia] : _bEscuela Normal Superior de Michoacán, _c1977. |
||
| 300 | _a62, 41 h. | ||
| 500 | _a"Licenciatura en Educación de Adultos II. Plan 12, 1977" | ||
| 500 | _a"Educación permanente" | ||
| 500 | _aDatos tomados de la cubierta | ||
| 650 | 4 |
_aEDUCACION DE ADULTOS - _xESTUDIO Y ENSEÑANZA _916080 |
|
| 650 | 4 |
_aEducación normal _94431 |
|
| 905 | _aLibro | ||
| 999 |
_c15497 _d15497 |
||